Logo BPK

Biblioteka

Politechniki Koszalińskiej

Programowanie współbieżne / (Rekord nr 20703)

Szczegóły MARC
000 -ETYKIETA REKORDU
podpole kontrolne o stałej długości 00377nam a2200145 i 4500
001 - NUMER KONTROLNY REKORDU
pole kontrolne bg
040 ## - ŹRÓDŁO KATALOGOWANIA
Instytucja, która utworzyła rekord BPK
041 ## - KOD JĘZYKA
Kod języka tekstu pol
008 - POLE O STAŁEJ DŁUGOŚCI - DANE KONTROLNE
podpole kontrolne o stałej długości s pl f |000 0 pol
100 1# - NAZWA OSOBOWA
Nazwa osobowa Iszkowski, Wacław
Daty związane z nazwą (1949- ).
245 #0 - TYTUŁ/ODPOWIEDZIALNOŚĆ
Tytuł Programowanie współbieżne /
Pozostałe elementy strefy tytułu i oznaczenia odpowiedzialności Wacław Iszkowski, Marek Maniecki.
260 ## - STREFA ADRESU WYDAWNICZEGO
Miejsce wydania Warszawa,
Data publikacji, dystrybucji/powstania dokumentu 1982.
700 1# - HASŁO DODATKOWE - NAZWA OSOBOWA
Nazwa osobowa Maniecki, Marek.
856 ## - LOKALIZACJA I DOSTĘP DO ELEKTRONICZNYCH DOKUMENTÓW ZDALNYCH
Link (URL) http://koha.tu.koszalin.pl/cgi-bin/koha/opac-detail.pl?biblionumber=20703
Tekst linku Katalog online BPK
942 ## - DODATKOWE ELEMENTY (KOHA)
Typ dokumentu Książka
Egzemplarze
Wycofany Status egzemplarza Uszkodzony Dostępność Lokalizacja stała Lokalizacja bieżąca Miejsce przechowywania Sygnatura Kod kreskowy Typ dokumentu
      Dostępny Biblioteka Politechniki Koszalińskiej Biblioteka Politechniki Koszalińskiej Wypożyczalnia BG 29122 01227734 Książka
© 2023 Biblioteka Politechniki Koszalińskiej :: KOHA